[Event "Warsaw Najdorf Memorial op-A 22nd"]
[Site "Warsaw"]
[Date "2025.07.13"]
[Round "6"]
[White "Kubicka, Anna"]
[Black "Lisowski, Krzysztof"]
[Result "1-0"]
[WhiteElo "2232"]
[BlackElo "2025"]
[PlyCount "63"]
[EventDate "2025.07.08"]
[EventType "swiss"]
[EventRounds "9"]
[EventCountry "POL"]
[SourceTitle "CB29_2025"]
[SourceDate "2025.07.16"]
[SourceVersion "1"]
[SourceVersionDate "2025.07.16"]
[SourceQuality "1"]

1. e4 c5 2. Nf3 Nc6 3. Bb5 Nf6 4. e5 Nd5 5. 0-0 Nc7 6. Bxc6 dxc6 7. h3 Ne6 8. d3 g6 9. Nc3 Bg7 10. Ne4 0-0 11. Be3 b6 12. Qd2 Qc7 13. Bh6 Rd8 14. Bxg7 Kxg7 15. b3 h6 16. Rae1 b5 17. Nh2 Qxe5 18. Ng4 Qf4 19. Qc3+ Nd4 20. Nxc5 Bxg4 21. hxg4 Kg8 22. Rxe7 Qf6 23. Qe1 Nxc2 24. Qe4 Rd4 25. Nd7 Qd6 26. Qe5 Qxe5 27. Nxe5 Rf8 28. Rxa7 Nb4 29. Rd1 Rf4 30. g3 Rd4 31. a3 Nc2 32. Rc1 1-0

[Event "Warsaw Najdorf Memorial op-A 22nd"]
[Site "Warsaw"]
[Date "2025.07.11"]
[Round "4"]
[White "Matuszczyk, Mateusz"]
[Black "Kubicka, Anna"]
[Result "1/2-1/2"]
[WhiteElo "2007"]
[BlackElo "2232"]
[PlyCount "120"]
[EventDate "2025.07.08"]
[EventType "swiss"]
[EventRounds "9"]
[EventCountry "POL"]
[SourceTitle "CB29_2025"]
[SourceDate "2025.07.16"]
[SourceVersion "1"]
[SourceVersionDate "2025.07.16"]
[SourceQuality "1"]

1. d4 d6 2. Nf3 g6 3. c4 Bg7 4. e4 e5 5. d5 Ne7 6. Nc3 0-0 7. Nd2 f5 8. f3 Nd7 9. Nb3 Nf6 10. Be2 a5 11. Be3 b6 12. g4 Kh8 13. h4 fxg4 14. fxg4 Qd7 15. Rg1 h5 16. gxh5 Qh3 17. Kd2 gxh5 18. Bxh5 Neg8 19. Qf3 a4 20. Nc1 Qxf3 21. Bxf3 Nxd5 22. Nxd5 Rxf3 23. Nxc7 Ra7 24. Nd5 Nf6 25. Nxf6 Bxf6 26. Ne2 Be6 27. b3 Bxh4 28. Nc3 axb3 29. axb3 Rxa1 30. Rxa1 Rh3 31. Rg1 Rh2+ 32. Kd3 Rh3 33. Rg2 Bf7 34. Nb5 Be7 35. Nc7 Bd8 36. Nd5 Kh7 37. b4 Bh5 38. Nc3 Bf7 39. Nd5 Be8 40. Kd2 b5 41. cxb5 Bxb5 42. Nc3 Bc4 43. Nd1 Rh1 44. Bg1 Rh3 45. Ne3 Bb5 46. Rh2 Rxh2+ 47. Bxh2 Bg5 48. Bg1 Kg6 49. Kc3 Bxe3 50. Bxe3 Kf6 51. Ba7 Ke6 52. Bb8 Be8 53. Kd3 Bg6 54. Ke3 Be8 55. Kd3 Ba4 56. Ke3 Kd7 57. Kd3 Bb5+ 58. Ke3 Kc6 59. Kd2 Bc4 60. Ke3 Bf1 1/2-1/2

[Event "Warsaw Najdorf Memorial op-A 22nd"]
[Site "Warsaw"]
[Date "2025.07.08"]
[Round "1"]
[White "Kubicka, Anna"]
[Black "Gacek, Waldemar"]
[Result "1-0"]
[WhiteElo "2232"]
[BlackElo "2052"]
[PlyCount "67"]
[EventDate "2025.07.08"]
[EventType "swiss"]
[EventRounds "9"]
[EventCountry "POL"]
[SourceTitle "CB29_2025"]
[SourceDate "2025.07.16"]
[SourceVersion "1"]
[SourceVersionDate "2025.07.16"]
[SourceQuality "1"]

1. e4 c6 2. d4 d5 3. e5 Bf5 4. Nd2 e6 5. Nb3 Nd7 6. Nf3 a6 7. Be2 c5 8. dxc5 Nxc5 9. 0-0 Nxb3 10. axb3 Bc5 11. b4 Bb6 12. Bg5 Ne7 13. Nd4 Be4 14. Bxe7 Qxe7 15. Bb5+ Kf8 16. c3 h5 17. Be2 Rc8 18. f3 Bg6 19. f4 Be4 20. Kh1 h4 21. Bf3 Bxf3 22. Rxf3 Bxd4 23. Qxd4 g6 24. Raf1 Rc4 25. Qf2 Rh5 26. Rd3 Re4 27. Rd4 Rxd4 28. Qxd4 Kg7 29. Kg1 Rf5 30. g4 hxg3 31. hxg3 g5 32. Kg2 gxf4 33. Rxf4 Qg5 34. Rg4 1-0

[Event "Warsaw Maciei Memorial"]
[Site "Warsaw"]
[Date "2025.07.07"]
[Round "2"]
[White "Krasenkow, Michal"]
[Black "Kubicka, Anna"]
[Result "1-0"]
[WhiteElo "2502"]
[BlackElo "2232"]
[PlyCount "81"]
[EventDate "2025.07.07"]
[EventType "swiss (blitz)"]
[EventRounds "11"]
[EventCountry "POL"]
[SourceTitle "CB28_2025"]
[SourceDate "2025.07.09"]
[SourceVersion "1"]
[SourceVersionDate "2025.07.09"]
[SourceQuality "1"]

1. e4 c5 2. Nc3 a6 3. g3 Nc6 4. Bg2 Nf6 5. f4 d6 6. Nf3 e6 7. 0-0 Be7 8. d3 0-0 9. h3 Qc7 10. g4 b5 11. g5 Ne8 12. f5 b4 13. Ne2 exf5 14. exf5 Bxf5 15. Nf4 Bd8 16. Nd5 Qd7 17. h4 Bh3 18. Qe2 Bxg2 19. Qxg2 Rc8 20. h5 Ne7 21. Nf6+ Nxf6 22. gxf6 Nf5 23. fxg7 Re8 24. h6 Ne7 25. Ng5 Nf5 26. Qg4 Bxg5 27. Bxg5 Re5 28. Bf6 Re6 29. Qxf5 Rce8 30. Rae1 d5 31. Rxe6 Rxe6 32. Bg5 Qe8 33. Bc1 Rg6+ 34. Kh2 Qb8+ 35. Bf4 Qd8 36. Bg3 Rxh6+ 37. Kg2 Qe8 38. Re1 Qa8 39. Re7 d4+ 40. Kf2 f6 41. Qe6# 1-0

[Event "Warsaw Maciei Memorial"]
[Site "Warsaw"]
[Date "2025.07.07"]
[Round "11"]
[White "Kubicka, Anna"]
[Black "Mickiewicz, Piotr"]
[Result "1-0"]
[WhiteElo "2232"]
[BlackElo "2224"]
[PlyCount "58"]
[EventDate "2025.07.07"]
[EventType "swiss (blitz)"]
[EventRounds "11"]
[EventCountry "POL"]
[SourceTitle "CB28_2025"]
[SourceDate "2025.07.09"]
[SourceVersion "1"]
[SourceVersionDate "2025.07.09"]
[SourceQuality "1"]

1. e4 c5 2. Nf3 d6 3. Bb5+ Nd7 4. 0-0 a6 5. Bd3 Ngf6 6. c3 Qc7 7. a4 b6 8. Bc2 Ne5 9. Nxe5 dxe5 10. Na3 Bb7 11. Re1 e6 12. d3 Be7 13. Qf3 0-0 14. Be3 Nd7 15. Qg3 Bf6 16. Rac1 Bc6 17. d4 Qb8 18. dxe5 Bxe5 19. f4 Bc7 20. e5 b5 21. Rcd1 g6 22. h4 Rd8 23. h5 Kg7 24. Qh4 Qb7 25. h6+ Kg8 26. Rxd7 Rxd7 27. Qf6 Kf8 28. Bxg6 Bxe5 29. fxe5 Ke8 1-0

[Event "Cesme op-A 11th"]
[Site "Izmir"]
[Date "2025.06.24"]
[Round "2"]
[White "Kubicka, Anna"]
[Black "Ilgaz, Yusuf Kerem"]
[Result "1-0"]
[WhiteElo "2227"]
[BlackElo "2101"]
[PlyCount "112"]
[EventDate "2025.06.23"]
[EventType "swiss"]
[EventRounds "9"]
[EventCountry "TUR"]
[SourceTitle "CB27_2025"]
[SourceDate "2025.07.02"]
[SourceVersion "1"]
[SourceVersionDate "2025.07.02"]
[SourceQuality "1"]

1. e4 c6 2. d4 d5 3. e5 c5 4. Nf3 cxd4 5. Nxd4 Nc6 6. Nxc6 bxc6 7. Bd3 e6 8. 0-0 a5 9. Qe2 Bc5 10. Qg4 g6 11. Nd2 Ba6 12. Qa4 Qb6 13. Nb3 Bb5 14. Qf4 Be7 15. Be3 c5 16. c4 Ba6 17. Rab1 a4 18. Nd2 d4 19. Qf3 Bb7 20. Be4 Bxe4 21. Nxe4 dxe3 22. Nf6+ Bxf6 23. Qxa8+ Bd8 24. Qxa4+ Kf8 25. fxe3 Nh6 26. b4 Qc7 27. Qd1 Be7 28. bxc5 Bxc5 29. Qf3 Qxe5 30. Kh1 Bd6 31. Qf4 Qxf4 32. exf4 Ke7 33. Rb7+ Kf6 34. Rd7 Bb8 35. g3 Rc8 36. Rb1 e5 37. Rb6+ Kf5 38. Rdb7 exf4 39. Rxb8 Rxc4 40. gxf4 Rxf4 41. Rb4 Rf1+ 42. Kg2 Ra1 43. Ra8 Ng4 44. Ra5+ Ne5 45. Rb7 Ke6 46. Rb6+ Kf5 47. Rb2 f6 48. Rf2+ Kg5 49. Rf1 Rxf1 50. Kxf1 Kf5 51. a4 Ke4 52. Ra7 h5 53. a5 Kd5 54. a6 Kc6 55. Re7 Nc4 56. a7 Kd5 1-0

[Event "Cesme op-A 11th"]
[Site "Izmir"]
[Date "2025.06.23"]
[Round "1"]
[White "Munkhgal, Gombosuren"]
[Black "Kubicka, Anna"]
[Result "1-0"]
[WhiteElo "2406"]
[BlackElo "2227"]
[PlyCount "77"]
[EventDate "2025.06.23"]
[EventType "swiss"]
[EventRounds "9"]
[EventCountry "TUR"]
[SourceTitle "CB27_2025"]
[SourceDate "2025.07.02"]
[SourceVersion "1"]
[SourceVersionDate "2025.07.02"]
[SourceQuality "1"]

1. d4 Nf6 2. c4 e6 3. Nc3 Bb4 4. e3 0-0 5. Bd2 d5 6. Nf3 b6 7. cxd5 exd5 8. Rc1 Re8 9. Ne5 Bb7 10. Bd3 Bf8 11. 0-0 a6 12. Be1 c5 13. f4 Nbd7 14. Bh4 Be7 15. Qf3 Nf8 16. Rcd1 cxd4 17. exd4 Ne4 18. Bxe7 Rxe7 19. Qh5 Nd7 20. Rf3 Ndf6 21. Qh4 Rc7 22. Rh3 h6 23. Ne2 Nh7 24. Qe1 Bc8 25. Re3 Nhf6 26. h3 h5 27. Ng3 h4 28. Nxe4 Nxe4 29. Rxe4 dxe4 30. Qxe4 Be6 31. Qh7+ Kf8 32. Qh8+ Ke7 33. Qxh4+ Kd6 34. Qe1 Bd5 35. Qb4+ Ke6 36. f5+ Kf6 37. Ng4+ Kg5 38. Qd2+ Kh5 39. Nf6+ 1-0

[Event "POL-chT Ekstraliga"]
[Site "Chotowa"]
[Date "2025.06.09"]
[Round "8.6"]
[White "Maltsevskaya, Aleksandra"]
[Black "Kubicka, Anna"]
[Result "1/2-1/2"]
[WhiteElo "2403"]
[BlackElo "2227"]
[PlyCount "51"]
[EventDate "2025.06.02"]
[EventType "team-tourn"]
[EventRounds "9"]
[EventCountry "POL"]
[SourceTitle "CB24_2025"]
[SourceDate "2025.06.11"]
[SourceVersion "1"]
[SourceVersionDate "2025.06.11"]
[SourceQuality "1"]
[WhiteTeam "Pegow Wieza"]
[BlackTeam "Dabrowa Gornicza Zaglebie"]
[WhiteTeamCountry "POL"]
[BlackTeamCountry "POL"]

1. e4 e5 2. Bc4 Nf6 3. d3 Nc6 4. Nc3 Na5 5. Nge2 Bc5 6. 0-0 c6 7. a3 Nxc4 8. dxc4 d6 9. Qd3 a5 10. Be3 Bxe3 11. Qxe3 Be6 12. c5 dxc5 13. Qxc5 Nd7 14. Qd6 Qb8 15. Qd3 0-0 16. a4 Qc7 17. b3 Rad8 18. Rad1 Nc5 19. Qe3 Na6 20. h3 Nb4 21. Qc1 Rxd1 22. Rxd1 Rd8 23. Rxd8+ Qxd8 24. Kf1 h6 25. Nd1 Qh4 26. Ng3 1/2-1/2

[Event "POL-chT Ekstraliga"]
[Site "Chotowa"]
[Date "2025.06.07"]
[Round "6.6"]
[White "Smietanska, Wiktoria"]
[Black "Kubicka, Anna"]
[Result "1-0"]
[WhiteElo "2238"]
[BlackElo "2227"]
[PlyCount "165"]
[EventDate "2025.06.02"]
[EventType "team-tourn"]
[EventRounds "9"]
[EventCountry "POL"]
[SourceTitle "CB24_2025"]
[SourceDate "2025.06.11"]
[SourceVersion "1"]
[SourceVersionDate "2025.06.11"]
[SourceQuality "1"]
[WhiteTeam "Wroclaw Polonia"]
[BlackTeam "Dabrowa Gornicza Zaglebie"]
[WhiteTeamCountry "POL"]
[BlackTeamCountry "POL"]

1. c4 e5 2. Nc3 Nf6 3. Nf3 Nc6 4. a3 d6 5. g3 g6 6. Bg2 Bg7 7. 0-0 0-0 8. d4 e4 9. Ng5 h6 10. Ngxe4 Nxe4 11. Bxe4 Nxd4 12. Be3 Ne6 13. Rc1 c6 14. Bg2 f5 15. f4 Qe7 16. Bd2 Nc5 17. b4 Ne4 18. Nxe4 fxe4 19. Bc3 Bxc3 20. Rxc3 Bf5 21. Qd4 Qf6 22. Rd1 Rad8 23. Re3 Qxd4 24. Rxd4 d5 25. Rc3 Rf7 26. Kf2 Rfd7 27. Ke3 Kf7 28. cxd5 cxd5 29. Kd2 Ke7 30. e3 Rd6 31. Bf1 Rc6 32. Bb5 Rxc3 33. Kxc3 Rc8+ 34. Kb2 Kd6 35. Ba4 Be6 36. Rd2 g5 37. Rc2 Rf8 38. Kc3 gxf4 39. exf4 Rc8+ 40. Kd4 Rxc2 41. Bxc2 h5 42. Bd1 Bg4 43. Bb3 b6 44. h3 Be6 45. Bd1 Bxh3 46. Bxh5 Bf1 47. Bd1 Bc4 48. Bc2 Be2 49. Bb3 Bg4 50. Ba4 Bh5 51. Bb5 a5 52. Ba4 axb4 53. axb4 Ke6 54. Bb5 Kd6 55. Ba6 Bg4 56. Bb7 Be6 57. f5 e3 58. Kxe3 Bxf5 59. Kd4 Be4 60. g4 Bf3 61. Bc8 Kc6 62. g5 Be4 63. Ke5 Bg6 64. Bf5 Bh5 65. Bd3 Be8 66. Ke6 Bh5 67. Ke5 Be8 68. Kd4 Bf7 69. g6 Be8 70. g7 Bf7 71. b5+ Kd6 72. Bh7 Ke6 73. g8Q Bxg8 74. Bxg8+ Kd6 75. Bxd5 Kc7 76. Ke5 Kd7 77. Be6+ Kc7 78. Kd5 Kb7 79. Kd6 Kb8 80. Kc6 Ka7 81. Kc7 Ka8 82. Kxb6 Kb8 83. Bd5 1-0

[Event "POL-chT Ekstraliga"]
[Site "Chotowa"]
[Date "2025.06.06"]
[Round "5.6"]
[White "Narva, Mai"]
[Black "Kubicka, Anna"]
[Result "1-0"]
[WhiteElo "2391"]
[BlackElo "2227"]
[PlyCount "143"]
[EventDate "2025.06.02"]
[EventType "team-tourn"]
[EventRounds "9"]
[EventCountry "POL"]
[SourceTitle "CB24_2025"]
[SourceDate "2025.06.11"]
[SourceVersion "1"]
[SourceVersionDate "2025.06.11"]
[SourceQuality "1"]
[WhiteTeam "Raciborz Silesia"]
[BlackTeam "Dabrowa Gornicza Zaglebie"]
[WhiteTeamCountry "POL"]
[BlackTeamCountry "POL"]

1. d4 Nf6 2. Nf3 e6 3. Bf4 d5 4. e3 Bb4+ 5. c3 Be7 6. Bd3 Nbd7 7. Nbd2 Nh5 8. Bg3 c5 9. e4 Nxg3 10. hxg3 cxd4 11. Nxd4 Nc5 12. Bb5+ Bd7 13. Qe2 a6 14. Bxd7+ Qxd7 15. e5 Na4 16. N2f3 b5 17. 0-0 0-0 18. g4 Nc5 19. Rad1 Ne4 20. Nd2 Nxd2 21. Rxd2 Rae8 22. Nf3 f5 23. exf6 Bxf6 24. g5 Bd8 25. Ne5 Qc7 26. f4 Qa7+ 27. Kh2 Bc7 28. g3 Bxe5 29. Qxe5 Rf5 30. Qd6 Qe3 31. Rff2 Qa7 32. Rde2 h6 33. g4 Rff8 34. gxh6 gxh6 35. Kg3 Rf6 36. f5 Qe7 37. Qe5 Qg7 38. Qd4 h5 39. fxe6 Rxf2 40. Rxf2 Qxd4 41. cxd4 Rxe6 42. gxh5 Re4 43. Rf6 a5 44. Rb6 b4 45. Rb5 Rxd4 46. b3 a4 47. bxa4 Rd2 48. Rxb4 Rxa2 49. Kf4 Rh2 50. Kg5 Rc2 51. Rd4 Rg2+ 52. Kf6 Ra2 53. Ke6 Kf8 54. Kd6 Ke8 55. Rh4 Kf7 56. h6 Kg8 57. h7+ Kh8 58. Kxd5 Rc2 59. Kd6 Rc1 60. a5 Rc2 61. Ra4 Rd2+ 62. Kc5 Rc2+ 63. Kb5 Rb2+ 64. Rb4 Ra2 65. a6 Kxh7 66. Kb6 Re2 67. a7 Re6+ 68. Kb7 Re7+ 69. Ka6 Re8 70. Rb7+ Kg6 71. Rb8 Re6+ 72. Rb6 1-0

[Event "POL-chT Ekstraliga"]
[Site "Chotowa"]
[Date "2025.06.04"]
[Round "3.6"]
[White "Rakhmangulova, Anastasiya"]
[Black "Kubicka, Anna"]
[Result "1/2-1/2"]
[WhiteElo "2281"]
[BlackElo "2227"]
[PlyCount "41"]
[EventDate "2025.06.02"]
[EventType "team-tourn"]
[EventRounds "9"]
[EventCountry "POL"]
[SourceTitle "CB24_2025"]
[SourceDate "2025.06.11"]
[SourceVersion "1"]
[SourceVersionDate "2025.06.11"]
[SourceQuality "1"]
[WhiteTeam "Plock Hetman"]
[BlackTeam "Dabrowa Gornicza Zaglebie"]
[WhiteTeamCountry "POL"]
[BlackTeamCountry "POL"]

1. e4 c6 2. d4 d5 3. e5 Bf5 4. h4 h5 5. Bd3 Bxd3 6. Qxd3 Qa5+ 7. b4 Qa6 8. Qxa6 Nxa6 9. c3 Nc7 10. Nd2 a5 11. bxa5 Rxa5 12. a4 b5 13. Nb3 Rxa4 14. Rxa4 bxa4 15. Nc5 a3 16. Bxa3 e6 17. Ne2 Nh6 18. 0-0 Bxc5 19. Bxc5 Kd7 20. Ra1 Ra8 21. Rxa8 1/2-1/2

[Event "Katowice rapid op"]
[Site "Katowice"]
[Date "2025.05.31"]
[Round "11"]
[White "Kubicka, Anna"]
[Black "Ochedzan, Filip"]
[Result "1-0"]
[WhiteElo "2119"]
[BlackElo "1928"]
[PlyCount "121"]
[EventDate "2025.05.31"]
[EventType "swiss"]
[EventRounds "11"]
[EventCountry "POL"]
[SourceTitle "CB24_2025"]
[SourceDate "2025.06.11"]
[SourceVersion "1"]
[SourceVersionDate "2025.06.11"]
[SourceQuality "1"]

1. e4 c5 2. Nf3 d6 3. Bb5+ Nd7 4. 0-0 a6 5. Bd3 Ngf6 6. c3 b5 7. Bc2 Bb7 8. Re1 c4 9. d4 cxd3 10. Qxd3 e6 11. a4 bxa4 12. Bxa4 Be7 13. e5 Nd5 14. exd6 Bf6 15. Nbd2 N5b6 16. Ne4 Bxe4 17. Qxe4 Nxa4 18. Qxa4 0-0 19. Be3 Nb6 20. Qc6 Nd5 21. Rxa6 Rxa6 22. Qxa6 Nxe3 23. Rxe3 Qb8 24. Qa3 Rd8 25. Rd3 Be7 26. g3 Bxd6 27. Qa5 Rc8 28. Qa6 Bf8 29. b4 Rc7 30. b5 Ra7 31. Qc6 Rc7 32. Qa6 Ra7 33. Rd8 Rxa6 34. Rxb8 Ra1+ 35. Kg2 f6 36. Nd4 e5 37. Ne6 Kf7 38. Nxf8 Ke7 39. b6 Rb1 40. c4 Kd6 41. Rd8+ Ke7 42. Rb8 Kd6 43. c5+ Kxc5 44. Ne6+ Kd6 45. Nxg7 Rb2 46. b7 Kc7 47. Rf8 Kxb7 48. Rxf6 Kc7 49. Re6 Kd7 50. Rxe5 Rb6 51. Nf5 Rf6 52. g4 h6 53. h3 Rg6 54. Re3 Rf6 55. Kg3 Rb6 56. Kh4 Rb2 57. f4 Rb4 58. Kh5 Rxf4 59. Kxh6 Rf2 60. h4 Rg2 61. g5 1-0

[Event "Katowice rapid op"]
[Site "Katowice"]
[Date "2025.05.31"]
[Round "7"]
[White "Kubicka, Anna"]
[Black "Sowa, Roch"]
[Result "1-0"]
[WhiteElo "2119"]
[BlackElo "1824"]
[PlyCount "88"]
[EventDate "2025.05.31"]
[EventType "swiss"]
[EventRounds "11"]
[EventCountry "POL"]
[SourceTitle "CB24_2025"]
[SourceDate "2025.06.11"]
[SourceVersion "1"]
[SourceVersionDate "2025.06.11"]
[SourceQuality "1"]

1. e4 c6 2. Nf3 d5 3. exd5 cxd5 4. Ne5 a6 5. d4 Nf6 6. Bd3 Nc6 7. Nxc6 bxc6 8. 0-0 Qb6 9. c3 Bg4 10. Qb3 Qc7 11. h3 Bh5 12. Bg5 e6 13. Nd2 Bd6 14. Rfe1 0-0 15. Qc2 Bg6 16. Bxg6 hxg6 17. Bxf6 gxf6 18. Qd3 c5 19. dxc5 Bxc5 20. Qf3 Kg7 21. Rac1 Rab8 22. b3 Rfc8 23. Rcd1 Rd8 24. c4 Bb4 25. Rf1 Bxd2 26. Rxd2 dxc4 27. Rxd8 Rxd8 28. Qc3 Rc8 29. Rc1 Qe5 30. Qxe5 fxe5 31. Rxc4 Rxc4 32. bxc4 Kf6 33. Kf1 Kf5 34. f3 e4 35. Ke2 Ke5 36. Ke3 exf3 37. gxf3 f5 38. f4+ Kd6 39. Kd4 Kc6 40. Ke5 Kc5 41. Kxe6 Kxc4 42. Kf6 Kd4 43. Kxg6 Ke4 44. Kg5 Kd5 1-0

[Event "POL-ch (Women) 76th"]
[Site "Krakow"]
[Date "2025.05.14"]
[Round "9"]
[White "Socko, Monika"]
[Black "Kubicka, Anna"]
[Result "1/2-1/2"]
[WhiteElo "2364"]
[BlackElo "2247"]
[PlyCount "102"]
[EventDate "2025.05.06"]
[EventType "tourn"]
[EventRounds "9"]
[EventCountry "POL"]
[EventCategory "3"]
[SourceTitle "CB21_2025"]
[SourceDate "2025.05.21"]
[SourceVersion "1"]
[SourceVersionDate "2025.05.21"]
[SourceQuality "1"]

1. d4 Nf6 2. g3 e6 3. Nf3 c5 4. Bg2 Nc6 5. 0-0 cxd4 6. Nxd4 Qb6 7. Nb3 d5 8. Be3 Qc7 9. Nc3 Be7 10. Nb5 Qd8 11. c4 0-0 12. Rc1 a6 13. N5d4 e5 14. Nxc6 bxc6 15. cxd5 cxd5 16. Bg5 Be6 17. Nc5 Qb6 18. Nxe6 fxe6 19. Qb3 Qxb3 20. axb3 Rfc8 21. Rc3 Bb4 22. Rxc8+ Rxc8 23. Rc1 Rxc1+ 24. Bxc1 Nd7 25. Bg5 Kf7 26. e4 d4 27. Bf1 Nc5 28. Bc4 h6 29. Bd8 d3 30. Kf1 d2 31. Ke2 Nxe4 32. Bb6 a5 33. Be3 Kf6 34. f3 Ng5 35. Bxg5+ Kxg5 36. Bxe6 h5 37. Bd5 Kf6 38. Be4 g5 39. Bc2 g4 40. fxg4 hxg4 41. Ke3 Kg5 42. Ke2 Kh5 43. Ke3 Kh6 44. Ke4 Kg5 45. Ke3 Kf6 46. Ke2 Bc5 47. Kxd2 Bd4 48. Ke2 Kg5 49. Be4 Bxb2 50. Bg2 Bd4 51. h3 gxh3 1/2-1/2

[Event "POL-ch (Women) 76th"]
[Site "Krakow"]
[Date "2025.05.12"]
[Round "7"]
[White "Rudzinska, Michalina"]
[Black "Kubicka, Anna"]
[Result "1/2-1/2"]
[WhiteElo "2212"]
[BlackElo "2247"]
[PlyCount "123"]
[EventDate "2025.05.06"]
[EventType "tourn"]
[EventRounds "9"]
[EventCountry "POL"]
[EventCategory "3"]
[SourceTitle "CB21_2025"]
[SourceDate "2025.05.21"]
[SourceVersion "1"]
[SourceVersionDate "2025.05.21"]
[SourceQuality "1"]

1. e4 e5 2. Nf3 Nc6 3. Bc4 Nf6 4. d3 Bc5 5. Nc3 h6 6. h3 a6 7. a4 d6 8. Be3 Bxe3 9. fxe3 Be6 10. 0-0 Bxc4 11. dxc4 0-0 12. Nd2 Ne7 13. Rxf6 gxf6 14. Qf3 c6 15. Nf1 Kh7 16. Ng3 Rg8 17. Nh5 Rg6 18. Nxf6+ Kh8 19. Rf1 Ng8 20. Nh5 Qg5 21. Kh2 Rf8 22. g4 Qe7 23. Ne2 Qe6 24. b3 Rd8 25. Qxf7 Qxf7 26. Rxf7 d5 27. cxd5 cxd5 28. Nc3 d4 29. exd4 exd4 30. Nd5 Rc8 31. Kg3 Rgc6 32. e5 b5 33. axb5 axb5 34. Ndf4 Re8 35. Nf6 Nxf6 36. exf6 Rg8 37. Kh4 Rg5 38. Nh5 Rxc2 39. Rd7 Kg8 40. f7+ Kf8 41. Rxd4 Kxf7 42. Rd7+ Kf8 43. Rd6 Rgc5 44. Rxh6 R5c3 45. b4 Rc4 46. Rh7 Rxb4 47. Nf6 Rf2 48. Kg5 Rbf4 49. Nd5 Rf7 50. Rh8+ Kg7 51. Rb8 Re2 52. Rxb5 Re5+ 53. Kh4 Rd7 54. Nc7 Rxb5 55. Nxb5 Kg6 56. Nc3 Rd3 57. Ne2 Rf3 58. Nd4 Rd3 59. Ne6 Rf3 60. Nd4 Rd3 61. Ne2 Rf3 62. Nd4 1/2-1/2

[Event "POL-ch (Women) 76th"]
[Site "Krakow"]
[Date "2025.05.11"]
[Round "6"]
[White "Kubicka, Anna"]
[Black "Kulon, Klaudia"]
[Result "0-1"]
[WhiteElo "2247"]
[BlackElo "2396"]
[PlyCount "79"]
[EventDate "2025.05.06"]
[EventType "tourn"]
[EventRounds "9"]
[EventCountry "POL"]
[EventCategory "3"]
[SourceTitle "CB21_2025"]
[SourceDate "2025.05.21"]
[SourceVersion "1"]
[SourceVersionDate "2025.05.21"]
[SourceQuality "1"]

1. e4 e5 2. Nf3 Nf6 3. Nxe5 Nxe4 4. Qe2 Qe7 5. Qxe4 d6 6. d4 dxe5 7. Qxe5 Qxe5+ 8. dxe5 Nc6 9. Bb5 Bd7 10. Bxc6 Bxc6 11. 0-0 0-0-0 12. Be3 b6 13. c4 Re8 14. Bd4 Rd8 15. Bc3 Bc5 16. Nd2 Bd4 17. Nb3 Bxc3 18. bxc3 Rd3 19. Rac1 Re8 20. f4 Bd7 21. c5 Be6 22. cxb6 axb6 23. Rfd1 Red8 24. Rxd3 Rxd3 25. Kf2 c5 26. Rc2 h5 27. Nc1 Rd1 28. Ne2 Bc4 29. h4 Rh1 30. Ng3 Rxh4 31. Ke3 g6 32. Ne4 Kc7 33. Nd6 Be6 34. a4 Rh1 35. Rf2 Re1+ 36. Kd2 Ra1 37. f5 gxf5 38. Rf4 Ra2+ 39. Kd3 Rxg2 40. Nxf5 0-1

[Event "POL-ch (Women) 76th"]
[Site "Krakow"]
[Date "2025.05.09"]
[Round "4"]
[White "Kubicka, Anna"]
[Black "Cyfka, Karina"]
[Result "0-1"]
[WhiteElo "2247"]
[BlackElo "2368"]
[PlyCount "142"]
[EventDate "2025.05.06"]
[EventType "tourn"]
[EventRounds "9"]
[EventCountry "POL"]
[EventCategory "3"]
[SourceTitle "CB21_2025"]
[SourceDate "2025.05.21"]
[SourceVersion "1"]
[SourceVersionDate "2025.05.21"]
[SourceQuality "1"]

1. e4 e5 2. Nf3 Nc6 3. d4 exd4 4. Nxd4 Qf6 5. Nf3 Bb4+ 6. c3 Bc5 7. Qd2 d6 8. Be2 Nge7 9. 0-0 a5 10. Kh1 0-0 11. Ne1 Qg6 12. Nd3 Ba7 13. Nf4 Qxe4 14. Bd3 Qe5 15. Na3 Bf5 16. Nc4 Qf6 17. Be2 Rad8 18. Ne3 Be4 19. Ng4 Qg5 20. Qd1 Qf5 21. Nh5 Qe6 22. Nf4 Qc8 23. f3 Bf5 24. Ne3 Ne5 25. Nxf5 Nxf5 26. Qc2 d5 27. g4 Ne7 28. Ng2 N7g6 29. h3 f5 30. Bg5 Rde8 31. Rae1 h6 32. Bc1 Qd7 33. Rd1 c6 34. f4 Nf7 35. gxf5 Nd6 36. Bg4 Nxf5 37. Kh2 Qf7 38. Rde1 Nge7 39. Re2 h5 40. Bxf5 Nxf5 41. Rfe1 Rxe2 42. Qxe2 Bb8 43. Qd3 Nd6 44. Be3 Ne4 45. c4 Nf6 46. b3 Re8 47. Bd2 Rxe1 48. Bxe1 Ne4 49. cxd5 Qxd5 50. Qxd5+ cxd5 51. Bxa5 g5 52. Ne1 Bxf4+ 53. Kg2 Kf7 54. Kf3 Bd6 55. Nc2 Ke6 56. Bb6 Bc5 57. Bxc5 Nxc5 58. Ke3 Ke5 59. Nd4 Ne6 60. Nf3+ Kf5 61. b4 d4+ 62. Kd3 Kf4 63. Ng1 Kg3 64. a4 Kf2 65. Ne2 Nf4+ 66. Nxf4 gxf4 67. a5 f3 68. b5 Kg2 69. Kxd4 f2 70. Kc5 f1Q 71. Kb6 Kxh3 0-1

[Event "POL-ch (Women) 76th"]
[Site "Krakow"]
[Date "2025.05.08"]
[Round "3"]
[White "Dwilewicz, Katarzyna"]
[Black "Kubicka, Anna"]
[Result "1-0"]
[WhiteElo "2207"]
[BlackElo "2247"]
[PlyCount "79"]
[EventDate "2025.05.06"]
[EventType "tourn"]
[EventRounds "9"]
[EventCountry "POL"]
[EventCategory "3"]
[SourceTitle "CB21_2025"]
[SourceDate "2025.05.21"]
[SourceVersion "1"]
[SourceVersionDate "2025.05.21"]
[SourceQuality "1"]

1. e4 c6 2. d4 d5 3. e5 c5 4. Nf3 Nc6 5. dxc5 Bg4 6. c3 e6 7. Be3 a6 8. Nbd2 Nge7 9. Be2 Ng6 10. 0-0 Qc7 11. Bd4 Be7 12. Re1 0-0 13. Bd3 f6 14. Bxg6 hxg6 15. h3 fxe5 16. hxg4 exd4 17. cxd4 Qf4 18. Qe2 e5 19. dxe5 Bxc5 20. Rac1 Ba7 21. Qd3 Kh7 22. e6 Qxg4 23. e7 Rfe8 24. Qxd5 Qf5 25. Qc4 g5 26. Ne4 g4 27. Neg5+ Kh6 28. Nf7+ Kh5 29. Nd6 Qg6 30. Qd5+ Kh6 31. Nf7+ Qxf7 32. Qxf7 gxf3 33. Re6+ Kh7 34. Qxf3 Nd4 35. Qh5+ Kg8 36. Re4 Nc6 37. Qd5+ Kh7 38. Rh4+ Kg6 39. Qe6+ Kg5 40. Rg4+ 1-0

[Event "Trieste Piccola Fenice 2nd"]
[Site "Trieste"]
[Date "2025.03.02"]
[Round "5"]
[White "Sepehrkhoui, Ardeshir"]
[Black "Kubicka, Anna"]
[Result "0-1"]
[WhiteElo "2271"]
[BlackElo "2230"]
[PlyCount "98"]
[EventDate "2025.02.27"]
[EventType "swiss"]
[EventRounds "9"]
[EventCountry "ITA"]
[SourceTitle "CB10_2025"]
[SourceDate "2025.03.05"]
[SourceVersion "1"]
[SourceVersionDate "2025.03.05"]
[SourceQuality "1"]

1. Nf3 Nf6 2. g3 c5 3. Bg2 Nc6 4. 0-0 e5 5. d3 d5 6. Nc3 Be7 7. e4 d4 8. Ne2 0-0 9. Ne1 Nd7 10. f4 f6 11. f5 b5 12. g4 c4 13. Ng3 Nc5 14. Rf2 a5 15. Bf1 Ba6 16. h4 cxd3 17. cxd3 b4 18. Nf3 b3 19. a3 Kf7 20. g5 Ke8 21. Ne1 Kd7 22. Qh5 h6 23. gxh6 gxh6 24. Rg2 Qe8 25. Qf3 Qf7 26. Bd2 Rh8 27. Qh5 Qxh5 28. Nxh5 Rag8 29. Rg6 Ke8 30. Ng3 Kf7 31. h5 Bd6 32. Kf2 Na4 33. Bc1 Ne7 34. Be2 Rb8 35. Rb1 Ng8 36. Nf1 Bc8 37. Nd2 Ba6 38. Ndf3 Rc8 39. Bd2 Bc7 40. Nh2 Bd8 41. Bd1 Nc5 42. Rc1 Ne7 43. Rxh6 Rxh6 44. Bxh6 a4 45. Be2 Ba5 46. Nhf3 Ng8 47. Nxe5+ fxe5 48. Bg5 Bxe1+ 49. Rxe1 Ke8 0-1